[Event "Satka Autumn 2018"]
[Site "Satka"]
[Date "2018.09.11"]
[Round "1"]
[White "Voit, Daria"]
[Black "Sosnina, Nadezhda"]
[Result "1/2-1/2"]
[WhiteElo "2369"]
[BlackElo "1659"]
[Annotator "TA"]
[PlyCount "45"]
[EventDate "2018.09.11"]
[EventType "swiss"]
[EventCountry "RUS"]
[SourceTitle "playchess.com"]
[Source "ChessBase"]
[SourceQuality "1"]

{[%evp 9,45,27,42,41,50,34,45,29,22,29,22,16,33,0,6,-6,2,-110,5,-72,-72,-61,0,0,0,0,0,0,0,0,0,0,0,0,0,0,0,0]} 1. d4 Nf6 2. c4 d6 3. Nf3 g6 4. Nc3 Bf5 5. Qb3 Qc8 6. h3 {E61: King's Indian: Early deviations for White, including Smyslov System} (6. Nh4 Bd7 7. e4 Nc6 8. Nf3 e5 9. d5 Nd4 10. Qd1 Bg4 11. Be3 Bxf3 12. gxf3 Bg7 13. f4 {½-½ (47) Wang,H (2734)-Svidler,P (2759) Almaty 2016}) 6... Bg7 7. g4 Bd7 8. Bg2 {White is slightly better.} Nc6 9. Qc2 $146 ({Predecessor:} 9. Qd1 e5 10. d5 Ne7 11. Be3 b6 12. Qd2 h5 13. g5 {0-1 (25) Daloz,J (2180)-Blatny,P (2555) Corsica 1997}) 9... e5 10. dxe5 dxe5 11. Nd5 O-O 12. O-O Re8 13. e4 {[#]} (13. Bg5 $11 Nxd5 14. cxd5) 13... a5 (13... h5 $1 $17 14. g5 Nxd5 15. cxd5 Nb4) 14. a3 {[#]} (14. Bg5 $11 {remains equal.} Nb4 15. Qe2 (15. Nxf6+ Bxf6 16. Qd2 Bxg5 $11) 15... Nbxd5 16. cxd5) 14... h5 $1 $17 15. g5 Bxh3 ({Better is} 15... Nxd5 $15 16. cxd5 Bxh3 17. dxc6 Bxg2 18. Kxg2 Qg4+ 19. Kh2 Qxf3 20. cxb7 Rab8) 16. gxf6 {The position is equal.} Bxg2 17. Kxg2 Qg4+ 18. Kh2 Nd4 $1 {[%cal Rd4f3]} 19. Nxd4 Qh4+ 20. Kg2 Qg4+ 21. Kh2 Qh4+ 22. Kg2 Qg4+ 23. Kh2 {Precision: White = 26%, Black = 64%.} 1/2-1/2

[Event "Satka Autumn 2018"]
[Site "Satka"]
[Date "2018.09.11"]
[Round "1"]
[White "Charochkina, Daria"]
[Black "Mirgalina, Anna"]
[Result "1-0"]
[WhiteElo "2336"]
[BlackElo "1339"]
[Annotator "TA"]
[PlyCount "63"]
[EventDate "2018.09.11"]
[EventType "swiss"]
[EventCountry "RUS"]
[SourceTitle "playchess.com"]
[Source "ChessBase"]
[SourceQuality "1"]

{[%evp 17,63,0,9,10,33,0,2,0,19,14,26,31,18,0,12,0,16,0,191,165,189,152,151,135,147,144,152,104,129,132,282,289,556,537,774,773,1012,978,1283,1275,1219,1263,29989,29990,29994,29995,29995,2137]} 1. d4 Nf6 2. Bf4 e6 3. Nf3 b6 4. e3 Bb7 5. Bd3 Be7 6. h3 O-O 7. O-O c5 8. c3 d5 9. Nbd2 Nc6 {LiveBook: 68 Partien} 10. Re1 {D02: Damenbauernspiele} Bd6 11. Ne5 (11. Bxd6 Qxd6 12. e4 dxe4 13. Nxe4 Nxe4 14. Bxe4 Rad8 15. dxc5 Qxc5 16. Qe2 Rd6 17. Rad1 Rfd8 18. Rxd6 Rxd6 {½-½ (30) Safarli,E (2633)-Salgado Lopez,I (2627) Linares 2017}) 11... Qc7 {[%cal Rc6e5]} 12. Ndf3 {Die Stellung ist ausgeglichen.} h6 $146 ({Vorgänger:} 12... Ne4 13. Qc2 Ne7 14. Ng5 Nxg5 15. Bxg5 h6 16. Bf4 {½-½ (16) Zatyrka,M-Pokotylo,M (1955) Lvov 2016}) 13. Nxc6 Qxc6 14. Ne5 Qc7 15. Bh2 c4 16. Bc2 Nd7 {[%cal Rd7e5]} 17. f4 {[%cal Bf2f4,Bf4e5][%mdl 32]} Nxe5 $2 (17... Rac8 $11 {und Schwarz ist OK.}) 18. fxe5 $18 Be7 19. Qh5 Qd8 20. Rf1 {[%cal Be1f1,Bf1f3,Bf3g3,Bg3g5][%mdl 32]} Bg5 21. Bf4 Bxf4 22. exf4 b5 23. Rf3 $40 {[%mdl 128] Weiss geht auf den König.} Qe8 (23... f5 $16) 24. Rg3 f5 $2 (24... Kh8 25. f5 f6) 25. Qxh6 $1 {[%csl Gh6][%cal Rg3g7] [#]} Qe7 26. Rg5 Bc6 27. g4 Bd7 28. gxf5 {jetzt f6 und aus.} exf5 29. Kh2 {[#] Droht Tag1 und aus.} Rac8 30. Rag1 {Weiß setzt Matt.} Rf7 31. Rh5 {[%csl Gh5][%cal Rh6h8]} Rff8 32. Qh7+ {Precision: Weiß = 68%, Schwarz = 27%.} 1-0

[Event "Satka Autumn 2018"]
[Site "Satka"]
[Date "2018.09.11"]
[Round "1"]
[White "Schepetkova, Margarita"]
[Black "Skobochkina, Maria"]
[Result "1-0"]
[WhiteElo "2238"]
[BlackElo "1294"]
[Annotator "TA"]
[PlyCount "77"]
[EventDate "2018.09.11"]
[EventType "swiss"]
[EventCountry "RUS"]
[SourceTitle "playchess.com"]
[Source "ChessBase"]
[SourceQuality "1"]

{[%evp 17,76,45,57,34,47,35,48,47,63,58,80,58,53,53,73,51,89,88,77,43,47,67,72,70,85,75,90,37,88,85,75,50,230,230,239,222,239,248,285,267,263,157,244,145,552,461,397,191,182,157,163,164,166,159,160,163,188,167,285,240,29999]} 1. d4 d5 2. c4 c6 3. Nf3 Nf6 4. g3 Bf5 5. Nh4 Bg6 $146 ({Predecessor:} 5... Be4 6. f3 Bxb1 7. Rxb1 e6 8. e3 Be7 9. c5 a5 10. a3 a4 11. b4 axb3 12. Rxb3 Qc7 {0-1 (50) Bachmann,A (2644)-Bologan,V (2654) Tromsoe 2014}) 6. Nxg6 {D11: Slav Defence: 3 Nf3 sidelines and 3...Nf6 4 e3 Bg4} hxg6 7. Bg2 e6 8. Nd2 Be7 9. O-O O-O {LiveBook: 3 Games} 10. e4 dxe4 11. Nxe4 Nbd7 12. Nc3 Nb6 13. b3 Qd7 14. Be3 Rad8 15. Qf3 Rfe8 16. Rad1 Qc7 17. Bf4 Qc8 18. Bh3 Nbd7 19. Rfe1 Nh5 20. Bc1 Qc7 21. Ne4 Bb4 22. Rf1 ({White should play} 22. Ng5 $16 Nhf6 23. Re4) 22... Ndf6 (22... Nhf6 $14) 23. a3 Bf8 24. Nc3 {And now g4 would win.} Qb6 $2 {[#]} (24... e5 $14) 25. Na4 $1 $18 {[%cal Ra4b6]} Qc7 26. g4 Bd6 {and if ...Nf4 works, Black does fine.} 27. gxh5 Bxh2+ 28. Kg2 Nxh5 29. Rh1 ({White should try} 29. Bg4 $18 Bf4 30. Bxh5 Bxc1 31. Rxc1) 29... Bd6 (29... Bf4 $16) 30. Nc3 (30. Bg4 $18 Nf4+ 31. Kf1 (31. Bxf4 Bxf4 32. Qc3 f5 $16)) 30... Qa5 $2 {[%mdl 8192]} (30... Bf4 $16) 31. b4 Qc7 32. c5 (32. Bg4 $142) 32... Bf4 33. Ne2 Bxc1 34. Rxc1 Qe7 35. Kf1 Qg5 36. Rd1 Nf6 37. Bg2 Ng4 (37... e5 $142 38. Qh3 Qh5) 38. Qh3 {[%csl Gh1][%cal Rh3h8] [#]} Qf5 $2 (38... Nh6 $18 39. b5 Rc8) 39. Qh8# {Precision: White = 48%, Black = 41%.} 1-0

[Event "Satka Autumn 2018"]
[Site "Satka"]
[Date "2018.09.11"]
[Round "1"]
[White "Smirnova, Ekaterina"]
[Black "Barsukova, Kira"]
[Result "1-0"]
[WhiteElo "2202"]
[BlackElo "1119"]
[Annotator "TA"]
[PlyCount "79"]
[EventDate "2018.09.11"]
[EventType "swiss"]
[EventCountry "RUS"]
[SourceTitle "playchess.com"]
[Source "ChessBase"]
[SourceQuality "1"]

{[%evp 9,79,0,0,0,90,66,71,66,71,56,68,66,105,112,123,131,133,112,233,109,97,107,106,99,108,105,107,101,142,148,145,110,146,143,156,146,204,208,185,185,303,281,290,289,327,337,470,468,437,421,680,680,646,652,632,630,1527,1485,1094,1012,1801,1459,29976,29977,29979,29964,29984,29985,29986,29987,29986,29987]} 1. d4 Nf6 2. c4 e6 3. Nc3 Bb4 4. a3 Bxc3+ 5. bxc3 d5 6. cxd5 {E24: Nimzo-Indian: Sämisch: Unusual Black 5th moves and 5...c5 sidelines} (6. e3 c5 7. Nf3 O-O 8. Be2 dxc4 9. Bxc4 Qc7 10. Be2 b6 11. O-O Bb7 12. Bb2 Nbd7 13. h3 Rfd8 14. a4 Rac8 15. a5 h6 16. axb6 axb6 17. Ra7 Ra8 18. Rxa8 Rxa8 19. c4 Rc8 20. Qb3 Qc6 {½-½ (51) Nepomniachtchi,I (2768)-Inarkiev,E (2690) Satka 2018}) 6... Nxd5 (6... exd5 $11 7. e3 O-O) 7. Qc2 b6 $146 ({Predecessor:} 7... Bd7 8. e4 Nf6 9. Bd3 h6 10. Ne2 Bc6 11. O-O Nbd7 12. f4 Nb6 13. h3 Qe7 {0-1 (62) Lemieux,D (1481)-Berthiaume,P (1355) Gatineau 2012}) 8. e4 {[%cal Be2e4,Be4e5][%mdl 32] White is better.} Ne7 9. Bd3 Bb7 10. Nf3 Ng6 11. h4 h5 12. Bg5 Qd6 13. e5 Qf8 (13... Qd7 $16) 14. Bxg6 (14. Bb5+ $18 c6 15. Bd3) 14... fxg6 $16 15. Qxg6+ Qf7 16. Qxf7+ Kxf7 17. Rh3 $36 {[%mdl 2048] White has strong initiative.} Nd7 18. Be3 Rhf8 19. Ng5+ Ke7 20. f3 {[%cal Bf2f3,Bf3e4][%mdl 32]} Rac8 21. Ne4 Bxe4 22. fxe4 Rf7 (22... c5 $16 23. Rg3 Kf7 24. Rf3+ Kg6) 23. Kd2 $18 c5 24. Rf3 Rxf3 (24... Ke8 {keeps fighting.} 25. Rg3 b5) 25. gxf3 cxd4 26. cxd4 {[%mdl 4096] Endgame KRB-KRN} Rc4 27. a4 a5 28. Kd3 Rb4 29. Bd2 Rb3+ (29... Rb2 $142 30. Rc1 Rb3+ 31. Rc3 Rxc3+ 32. Bxc3 Nf8) 30. Bc3 b5 31. axb5 Rxb5 32. Rxa5 Rxa5 33. Bxa5 {KB-KN} Kf7 34. Bb4 Nb6 35. f4 g6 36. Bc5 {White mates.} Nd7 37. Kc4 Ke8 38. Kb5 Nb8 39. Bd6 Nd7 40. Kc6 {Precision: White = 74%, Black = 16%.} 1-0

[Event "Satka Autumn 2018"]
[Site "Satka"]
[Date "2018.09.11"]
[Round "1"]
[White "Nosacheva, Mariya"]
[Black "Mysova, Svetlana"]
[Result "1-0"]
[WhiteElo "2073"]
[BlackElo "1017"]
[Annotator "NA"]
[PlyCount "23"]
[EventDate "2018.09.11"]
[EventType "swiss"]
[EventCountry "RUS"]
[SourceTitle "playchess.com"]
[Source "ChessBase"]
[SourceQuality "1"]
[TimeControl "40/5400+30:1800+30"]

{[%evp 11,23,45,58,33,53,32767,32767,32767,32767,114,713,750,1183,827]} 1. e4 {[%emt 0:00:00]} d5 {[%emt 0:00:00]} 2. exd5 {[%emt 0:00:00]} Qxd5 {[%emt 0:00:05]} 3. Nc3 {[%emt 0:00:00]} Qa5 {[%emt 0:00:21]} 4. Nf3 {[%emt 0:00:31]} Nf6 {[%emt 0:00:56]} 5. d4 {[%emt 0:00:31]} c6 {[%emt 0:00:30]} 6. Ne5 {[%emt 0:13:33] LiveBook: 241 Partien} e6 {[%emt 0:01:43]} 7. Nc4 {[%emt 0:08:03]} Qd8 {[%emt 0:00:49]} 8. Bf4 {[%emt 0:02:36]} b5 {[%emt 0:01:23]} 9. Ne5 {[%emt 0:00:55]} Bd6 {[%emt 0:00:48]} 10. Qf3 {[%emt 0:03:20]} Nbd7 $2 {[%emt 0:01:18]} (10... O-O $16) 11. Nxc6 {[%emt 0:00:31]} Qc7 {[%emt 0:01:44]} 12. Nxb5 $18 {[%emt 0:00:06]} 1-0

[Event "Satka Autumn 2018"]
[Site "Satka"]
[Date "2018.09.11"]
[Round "1"]
[White "Telelyukhina, Elizaveta"]
[Black "Kovanova, Baira"]
[Result "0-1"]
[WhiteElo "1403"]
[BlackElo "2363"]
[Annotator "TA"]
[PlyCount "42"]
[EventDate "2018.09.11"]
[EventType "swiss"]
[EventCountry "RUS"]
[SourceTitle "playchess.com"]
[Source "ChessBase"]
[SourceQuality "1"]

{[%evp 14,42,15,-33,-22,-32,-19,-41,-50,-61,-65,-69,-76,-72,-70,-70,-57,-68,-65,-73,-63,-194,-187,-406,-215,-406,-402,-393,-395,-499,-380]} 1. e4 e5 2. Nf3 Nc6 3. Bb5 a6 4. Ba4 Nge7 5. d3 (5. O-O g6 6. c3 Bg7 7. d4 exd4 8. cxd4 b5 9. Bc2 d5 10. exd5 Nb4 11. Bb3 Nbxd5 12. Nc3 O-O 13. Re1 h6 14. h3 Nxc3 15. bxc3 Bb7 16. Ne5 {½-½ (40) Caruana,F (2816)-Giri,A (2782) Leuven 2018}) 5... g6 6. c3 {C70: Spanische Partie (Abweichung im 4. Zug)} Bg7 7. Nbd2 {[%cal Bb1d2,Bd2f1,Bf1g3][%mdl 32]} O-O 8. Nf1 {LiveBook: 5 Partien. Die Stellung ist ausgeglichen.} b5 9. Bb3 d5 10. Qe2 Na5 $146 ({Vorgänger:} 10... dxe4 11. dxe4 Na5 12. Bc2 c5 13. Ne3 Qc7 {1-0 (44) Jasny,S (2384)-Galunova,T (2151) Sunny Beach 2015}) 11. Bc2 c5 12. Ng3 f5 13. exf5 Nxf5 14. O-O Nc6 15. a4 {[#] Droht stark axb5.} b4 16. Nxf5 Bxf5 17. Rd1 (17. Bg5 $15 Qd7 18. h3) 17... Bg4 $19 18. Re1 $2 (18. a5 {war nötig.}) 18... Kh8 (18... bxc3 $142 19. bxc3 e4 20. dxe4 Bxc3) 19. Bd2 $2 {[#]} (19. Qe3) 19... e4 $1 {[%mdl 512]} 20. dxe4 Ne5 21. Bd1 dxe4 {Precision: Weiß = 26%, Schwarz = 72%.} 0-1

[Event "Satka Autumn 2018"]
[Site "Satka"]
[Date "2018.09.11"]
[Round "1"]
[White "Aleshina, Arina"]
[Black "Makarenko, Alexandra"]
[Result "0-1"]
[WhiteElo "1319"]
[BlackElo "2247"]
[Annotator "TA"]
[PlyCount "72"]
[EventDate "2018.09.11"]
[EventType "swiss"]
[EventCountry "RUS"]
[SourceTitle "playchess.com"]
[Source "ChessBase"]
[SourceQuality "1"]

{[%evp 22,72,0,-21,-13,-26,0,0,151,-40,33,-8,-14,-39,-4,-145,-158,-158,-156,-179,-162,-170,-172,-239,-249,-327,-317,-310,-168,-516,-536,-521,-533,-506,-510,-474,-419,-407,-396,-617,-604,-602,-582,-578,-577,-729,-725,-725,-704,-679,-533,-950,-935]} 1. e4 e5 2. Nf3 Nc6 3. Bb5 a6 4. Bxc6 dxc6 5. O-O Bg4 6. h3 h5 7. d3 Qf6 8. Be3 Bxf3 9. Qxf3 Qxf3 10. gxf3 Bd6 11. Nd2 Ne7 12. Nc4 {LiveBook: 38 Games} Ng6 {C68: Ruy Lopez: Exchange Variation, sidelines} 13. Kh1 (13. Rfd1 f6 14. Kf1 c5 15. a4 a5 16. Ke2 Nf8 17. f4 exf4 18. Nxd6+ cxd6 19. Bxf4 Kd7 20. Be3 {½-½ (41) Socko,B (2600)-Piorun,K (2681) Katowice 2016}) 13... O-O-O 14. Rg1 Be7 $146 {[#]} (14... Rh7 $11) ({Predecessor:} 14... Rdg8 15. Rad1 Nh4 16. Nxd6+ cxd6 17. f4 exf4 18. Bxf4 Kd7 19. Be3 f6 20. f4 {1-0 (43) Harkness,B (1935)-Fallowfield,J (2093) Blackpool 2018}) 15. Bg5 $2 ({White must play} 15. Rxg6 $1 $16 {[%mdl 512]} fxg6 16. Nxe5) 15... Rde8 (15... Bf6 $1 $15) 16. Rad1 Rh7 17. c3 c5 18. Ne3 {[#]} (18. Be3 $11) 18... Bxg5 $1 $17 19. Rxg5 Nf4 20. Kh2 {[#]} f6 $1 {[%cal Rf6g5]} 21. Rg3 Rd8 22. Nf5 (22. h4 {keeps fighting.}) 22... g6 $19 {[%cal Bg7g6,Bg6g5][%mdl 32]} ({Not} 22... Nxd3 23. Nxg7 c4 24. b3 $15) (22... Rxd3 23. Rxd3 Nxd3 24. Rxg7 $17) 23. Nh4 g5 24. Nf5 Rxd3 (24... h4 $142 25. Rgg1 Rxd3) 25. Ne3 $2 (25. Rxd3 {nothing else works.} Nxd3 26. h4) 25... Rxd1 26. Nxd1 {[%mdl 4096] Endgame KRN-KRN} Ne2 27. Rg2 Rd7 28. Ne3 h4 29. Nd5 Rd6 30. Ne7+ (30. f4 $142 Nxf4 31. Nxf4 exf4 32. f3) 30... Kd7 {Black is clearly winning.} 31. Nd5 c6 32. Nb6+ Ke6 33. Nc4 Rd3 34. Na5 b6 35. Nxc6 Kd7 36. Nb8+ Kc7 {Precision: White = 17%, Black = 48%.} 0-1

[Event "Satka Autumn 2018"]
[Site "Satka"]
[Date "2018.09.11"]
[Round "1"]
[White "Kilina, Elizaveta"]
[Black "Semenova, Elena"]
[Result "0-1"]
[WhiteElo "1226"]
[BlackElo "2219"]
[Annotator "ChessBase"]
[PlyCount "58"]
[EventDate "2018.09.11"]
[EventType "swiss"]
[EventCountry "RUS"]
[SourceTitle "playchess.com"]
[Source "ChessBase"]
[SourceQuality "1"]
[TimeControl "40/5400+30:1800+30"]

1. e4 {[%emt 0:00:00]} c5 {[%emt 0:00:00]} 2. Nf3 {[%emt 0:00:00]} g6 {[%emt 0:00:37]} 3. d4 {[%emt 0:00:50]} cxd4 {[%emt 0:00:19]} 4. Nxd4 {[%emt 0:00:08]} Bg7 {[%emt 0:00:20]} 5. c4 {[%emt 0:01:42]} Nc6 {[%emt 0:00:52]} 6. Be3 {[%emt 0:01:59]} Nf6 {[%emt 0:00:40]} 7. Nc3 {[%emt 0:00:25]} Qa5 {[%emt 0:05:54]} 8. f3 {[%emt 0:10:24]} d6 {[%emt 0:04:05]} 9. Be2 {[%emt 0:02:43]} O-O {[%emt 0:11:22]} 10. O-O {[%emt 0:00:35]} Bd7 {[%emt 0:03:15]} 11. Nb3 {[%emt 0:10:05]} Qd8 {[%emt 0:05:10]} 12. Qd2 {[%emt 0:13:13]} Be6 {[%emt 0:14:21]} 13. Nd5 {[%emt 0:19:26]} Nd7 {[%emt 0:06:40]} 14. Bh6 {[%emt 0:06:49]} Bxh6 {[%emt 0:04:04]} 15. Qxh6 {[%emt 0:00:07]} a5 {[%emt 0:00:03]} 16. Qd2 {[%emt 0:10:14]} a4 {[%emt 0:06:31]} 17. Nc1 {[%emt 0:07:36]} Qa5 {[%emt 0:05:42]} 18. Qxa5 {[%emt 0:03:08]} Rxa5 {[%emt 0:00:02]} 19. b4 {[%emt 0:04:10]} axb3 {[%emt 0:02:05]} 20. Nxb3 {[%emt 0:00:09]} Ra3 {[%emt 0:00:17]} 21. Nc7 {[%emt 0:00:54]} Nc5 {[%emt 0:03:42]} 22. Nb5 {[%emt 0:02:50]} Nxb3 {[%emt 0:01:08]} 23. Nxa3 {[%emt 0:00:37]} Nxa1 {[%emt 0:00:04]} 24. Rxa1 {[%emt 0:00:06]} Nd4 {[%emt 0:00:19]} 25. Bd3 {[%emt 0:00:51]} Ra8 {[%emt 0:00:28]} 26. Nc2 {[%emt 0:03:16]} Nxc2 {[%emt 0:00:12]} 27. Bxc2 {[%emt 0:00:02]} Bxc4 {[%emt 0:00:08]} 28. a4 {[%emt 0:00:12]} Rc8 {[%emt 0:03:23]} 29. Kf2 {[%emt 0:01:00]} Ba6 {[%emt 0:00:11]} 0-1

[Event "Satka Autumn 2018"]
[Site "Satka"]
[Date "2018.09.11"]
[Round "1"]
[White "Kargina, Diana"]
[Black "Trapeznikova, Darya"]
[Result "0-1"]
[WhiteElo "1093"]
[BlackElo "2107"]
[Annotator "TA"]
[PlyCount "92"]
[EventDate "2018.09.11"]
[EventType "swiss"]
[EventCountry "RUS"]
[SourceTitle "playchess.com"]
[Source "ChessBase"]
[SourceQuality "1"]

{[%evp 9,91,0,0,0,0,-20,-11,-12,-6,-17,0,0,14,0,0,-12,0,-36,-39,-206,-199,-207,-207,-207,-207,-207,-207,-207,-207,-207,-207,-207,-148,-207,-207,-227,-226,-226,-226,-223,-215,-222,-199,-206,-174,-202,-193,-191,-198,-191,-195,-278,-273,-275,-269,-278,-275,-317,-323,-463,-460,-464,-434,-458,-422,-444,-432,-541,-519,-1041,-1044,-1042,-1045,-1031,-1001,-5378,-5363,-29989,-29990,-29992,-29993,-29998,-29999,-29999]} 1. Nf3 f5 2. g3 Nf6 3. Bg2 g6 4. O-O Bg7 5. d3 d6 {LiveBook: 52 Games} 6. Bg5 {A04: Unusual lines after 1 Nf3 and King's Indian Attack} (6. c3 Nc6 7. Qb3 e6 8. e4 fxe4 9. Ng5 Qe7 10. dxe4 O-O 11. Nd2 Kh8 12. Nc4 Ng4 13. h3 Nge5 14. Nxe5 Nxe5 {1-0 (26) Movsesian,S (2677)-Khaetsky,R (2373) Pardubice 2017}) 6... O-O 7. Nbd2 $146 ({Predecessor:} 7. Nc3 c6 8. Qd2 Qb6 9. Rab1 Na6 10. h3 e5 11. e4 Nc5 {½-½ (22) Nietsch,H (2044)-Welz,P (2101) Dresden 2009}) 7... e5 8. e4 {The position is equal.} Nc6 9. c3 Qe8 10. Re1 fxe4 11. Nxe4 Nxe4 12. dxe4 Qf7 13. Qc2 Bg4 14. Re3 $2 {[#]} (14. Nh4 $1 $15) 14... h6 $19 15. Bh4 Qe6 16. Qb3 Qxb3 17. axb3 Bxf3 18. Bxf3 {intending g4.} g5 19. Bxg5 hxg5 20. Bg4 Rf6 21. Rd1 (21. b4 $17) 21... Raf8 22. f3 a6 23. Kg2 Nd8 24. b4 Nf7 25. Rdd3 Nh6 26. Bh5 {[#]} g4 $1 27. c4 (27. fxg4 Rf2+) 27... gxf3+ 28. Rxf3 Nf7 29. Rxf6 Bxf6 30. Rf3 (30. Bg4 $142) 30... Ng5 31. Re3 Ne6 32. Bg4 Nd4 33. Bd1 Bg5 34. Rc3 (34. Re1 {is a better defense.}) 34... Bd2 35. Rd3 Bxb4 36. h4 b5 37. cxb5 axb5 38. h5 c5 39. b3 (39. Bg4 $142) 39... c4 40. bxc4 bxc4 41. Re3 c3 42. Rd3 c2 43. Rxd4 c1=Q {Black mates.} 44. Bb3+ Kg7 45. Rxb4 Qf1+ 46. Kh2 Rf2# {Precision: White = 31%, Black = 73%.} 0-1

[Event "Satka Autumn 2018"]
[Site "Satka"]
[Date "2018.09.11"]
[Round "1"]
[White "Shafikova, Irina"]
[Black "Mukhina, Jana"]
[Result "0-1"]
[WhiteElo "1008"]
[BlackElo "2072"]
[Annotator "NA RC"]
[PlyCount "30"]
[EventDate "2018.09.11"]
[EventType "swiss"]
[EventCountry "RUS"]
[SourceTitle "playchess.com"]
[Source "ChessBase"]
[SourceQuality "1"]
[TimeControl "40/5400+30:1800+30"]

{[%evp 9,25,-10,8,-50,-45,-136,-97,-106,-132,-139,-131,-139,-137,-138,-135,-145,-151,-170]} 1. e4 {[%emt 0:00:00]} e5 {[%emt 0:00:00]} 2. Nf3 {[%emt 0:00:00]} Nc6 {[%emt 0:00:00]} 3. Nc3 {[%emt 0:00:35]} Nf6 {[%emt 0:00:00]} 4. Bb5 {[%emt 0:00:34]} Nd4 {[%emt 0:00:00]} 5. d3 {[%emt 0:09:09]} Bb4 {[%emt 0:06:18]} 6. Bc4 {[%emt 0:08:14]} d5 {[%emt 0:08:24]} 7. Bxd5 {[%emt 0:07:25]} ({Better is} 7. exd5 $15 b5 8. Bb3 (8. Nxd4 exd4 9. Bxb5+ Kf8 $17)) 7... Nxd5 {[%emt 0:00:21]} 8. exd5 {[%emt 0:00:53] [#]} Bg4 $1 {[%emt 0:03:45]} 9. Bd2 {[%emt 0:09:52]} Bxc3 {[%emt 0:00:29]} 10. bxc3 {[%emt 0:02:19]} Nxf3+ {[%emt 0:00:07]} 11. gxf3 {[%emt 0:00:15]} Qxd5 {[%emt 0:00:10]} 12. Rg1 {[%emt 0:03:10]} Bxf3 {[%emt 0:00:44]} 13. Qb1 $19 {[%emt 0:03:27]} Bh5 {[%emt 0:01:53]} 14. Rg3 {[%emt 0:01:33]} Qh1+ {[%emt 0:00:07]} 15. Rg1 {[%emt 0:00:19]} Qxg1# {[%emt 0:00:06]} 0-1

[Event "Satka Autumn 2018"]
[Site "Satka"]
[Date "2018.09.13"]
[Round "3"]
[White "Voit, Daria"]
[Black "Stroganova, Karina"]
[Result "1-0"]
[WhiteElo "2369"]
[BlackElo "1711"]
[Annotator "TA"]
[PlyCount "45"]
[EventDate "2018.09.11"]
[EventType "swiss"]
[EventCountry "RUS"]
[SourceTitle "playchess.com"]
[Source "ChessBase"]
[SourceQuality "1"]

{[%evp 9,45,90,181,143,148,156,185,166,139,96,102,88,104,62,66,68,71,71,94,104,93,85,90,96,112,102,108,94,229,219,274,275,718,721,728,726,727,710]} 1. Nf3 d5 2. c4 g6 (2... d4 3. b4 g6 4. g3 Bg7 5. d3 e5 6. Bg2 Ne7 7. O-O O-O 8. a4 a5 9. b5 c5 10. Ra2 Nf5 11. e3 dxe3 12. fxe3 Be6 13. Nc3 Nd6 14. e4 h6 15. Be3 Nd7 {1-0 (48) Duda,J (2724)-Kuzubov,Y (2663) Brest 2018}) 3. cxd5 Qxd5 4. Nc3 Qd8 5. d4 f5 $146 (5... Nf6 $16) ({Vorgänger:} 5... Bg7 6. h3 Nf6 7. e4 O-O 8. Be3 b6 9. Be2 Bb7 10. Qc2 Nbd7 11. O-O Rc8 12. Rfd1 e6 13. e5 Nd5 14. Nxd5 Bxd5 15. Ba6 Ra8 16. Rac1 c5 17. dxc5 bxc5 18. Bb5 Nxe5 19. Nxe5 {½-½ (19) Sernecki,F (2039)-Czaplewska,K (1920) Lazy 2017}) 6. Bf4 {A09: Reti-Eröffnung} Nf6 7. e3 Bg7 8. Bc4 {Weiß steht deutlich besser.} c6 9. Ng5 {Schwarz muss nun Le5 beachten.} Nd5 10. Bxd5 cxd5 11. Bxb8 Rxb8 12. Qa4+ Bd7 13. Qxa7 h6 14. Nf3 $36 {[%mdl 2048] Schwarz steht unter starkem Druck.} e6 15. O-O O-O 16. Rfc1 Qe7 17. Ne2 {[%cal Bc3e2,Be2f4,Bf4d3][%mdl 32]} Qb4 18. Nf4 Kh7 (18... Ra8 $16 {war angesagt.} 19. Qc5 Qxc5 20. Rxc5 g5) 19. Nd3 $18 Qb5 20. Nfe5 {[%cal Bf3e5,Be5d7,Bd7c5][%mdl 32]} Rfc8 $2 {[#]} (20... Bxe5 21. Nxe5 Ra8) 21. a4 {Weiß steht klar auf Gewinn.} Qb3 22. Nxd7 Ra8 23. N7c5 {Precision: Weiß = 56%, Schwarz = 36%.} 1-0